[Event "DEN-ch"]
[Site "DEN"]
[Date "1991.??.??"]
[Round "2"]
[White "Holst, Allan"]
[Black "Rasmussen, Karsten"]
[Result "0-1"]
[WhiteElo "2300"]
[BlackElo "2440"]

1.Nf3 d5 2.g3 c6 3.Bg2 Bg4 4.d3 Nd7 5.Nbd2 e6 6.O-O Bd6 7.e4 Ne7 8.h3 Bh5
9.Qe1 O-O 10.b3 Re8 11.Bb2 e5 12.Kh1 a5 13.a3 dxe4 14.dxe4 b5 15.Nh4 Qc7
16.Nf5 Nxf5 17.exf5 f6 18.Ne4 Be7 19.a4 b4 20.c3 bxc3 21.Qxc3 Bf7 22.Ba3 Bxa3
23.Rxa3 Bd5 24.Re1 Qb6 25.Re3 Reb8 26.Nd2 Qb4 27.Ra1 Qxc3 28.Rxc3 Kf7 29.Rac1 Ra7
30.Rd3 Nb6 31.Kg1 Ke7 32.Rc5 Nd7 33.Rcc3 Nb6 34.Rc5 Nd7 35.Rc1 Nb6 36.Nf1 Rd8
37.Ne3 Bxg2 38.Rxd8 Kxd8 39.Kxg2 Kd7 40.Kf3 Rb7 41.Nf1 Nd5 42.Nd2 Kc7 43.Rc5 Kb6
44.Rc4 Ne7 45.Ke4 Rd7 46.Rc2 Rd4+ 47.Kf3 Nxf5 48.Nc4+ Ka6 49.Ne3 Nxe3 50.fxe3 Rd6
51.Ke4 Kb6 52.g4 Rd1 53.g5 fxg5 54.Kxe5 Rd3 55.e4 Rxh3 56.Kf5 Re3 57.Rc4 Rxb3
58.e5 Re3 59.Rd4 c5 60.Rd7 c4 61.Rxg7 c3 62.Rxh7 c2 63.Rh1 Kc5 64.Rc1 Re2
65.e6 Kc4  0-1

[Event "DEN-chT"]
[Site "DEN"]
[Date "1991.??.??"]
[Round "4"]
[White "Rasmussen, Karsten"]
[Black "Berg, Klaus"]
[Result "0-1"]
[WhiteElo "2440"]
[BlackElo "2420"]

1.g3 d5 2.Nf3 Nf6 3.Bg2 c6 4.O-O Bg4 5.d3 Nbd7 6.Nbd2 e5 7.e4 Bd6 8.h3 Bh5
9.g4 Bg6 10.Nh4 O-O 11.Nxg6 hxg6 12.exd5 Nxd5 13.Ne4 Bc7 14.Bg5 f6 15.c4 Nf4
16.Bxf4 exf4 17.d4 f5 18.gxf5 gxf5 19.Nc3 Qh4 20.Re1 Rad8 21.Qf3 Rf7 22.c5 g5
23.Bf1 g4 24.hxg4 Rg7 25.g5 Rxg5+ 26.Bg2 Kh8 27.Kf1 Nf6 28.Ke2 Qg4 29.Rh1+ Kg7
30.Kf1 Rxd4 31.Re1 Kf7 32.Ne2 Qxf3 33.Bxf3 Rd2 34.Rb1 Kg7 35.Ke1 Rd3 36.Rh3 Ne4
37.Nc1 Rg1+  0-1

[Event "DEN-chT"]
[Site "DEN"]
[Date "1991.??.??"]
[Round "7"]
[White "Sorensen, Bent"]
[Black "Rasmussen, Karsten"]
[Result "0-1"]
[WhiteElo "2305"]
[BlackElo "2440"]

1.Nf3 d5 2.g3 c6 3.Bg2 Bg4 4.O-O Nd7 5.d3 e6 6.Nbd2 Bd6 7.b3 Ne7 8.Bb2 O-O
9.e4 c5 10.h3 Bh5 11.Qe1 Nc6 12.Kh1 Rc8 13.Ng1 Nd4 14.Rc1 dxe4 15.dxe4 e5
16.Nc4 Nb6 17.Ne3 f6 18.f4 exf4 19.gxf4 Re8 20.c3 Nc6 21.Nf5 Bg6 22.Nh4 Qe7
23.Rd1 Rcd8 24.Nxg6 hxg6 25.Qe3 c4 26.b4 Na4 27.Bc1 a5 28.a3 axb4 29.axb4 g5
30.e5 gxf4 31.Bd5+ Kf8 32.Rxf4 Qxe5 33.Qg3 Nxc3 34.Nf3 Qxd5 35.Rxd5 Nxd5
36.Nh4 Nxf4 37.Bxf4 Bxf4 38.Qxf4 Rd1+ 39.Kh2 Re2+ 40.Ng2 Rdd2  0-1

[Event "Dieren op"]
[Site "Dieren"]
[Date "1991.??.??"]
[Round "9"]
[White "Hartoch, Robert G"]
[Black "Dekker, Andries"]
[Result "1-0"]
[WhiteElo "2375"]
[BlackElo "2230"]

1.Nf3 d5 2.g3 Nf6 3.Bg2 c6 4.O-O Bg4 5.d3 Nbd7 6.Nbd2 e5 7.e4 dxe4 8.dxe4 Bc5
9.h3 Bh5 10.Qe1 O-O 11.Nh4 Re8 12.Nb3 Bb6 13.a4 a5 14.Be3 Bxe3 15.Qxe3 Qb6
16.Qxb6 Nxb6 17.Nc5 Nc4 18.b3 b6 19.Nd3 g5 20.Nf5 Nd2 21.Rfe1 Bf3 22.Re3 Bxg2
23.Kxg2 Ndxe4 24.Rae1 Nc3 25.Rxe5 Kf8 26.Nd4 Rxe5 27.Rxe5 c5 28.Nf3 h6 29.Nd2 Nd7
30.Re1 Re8 31.Rxe8+ Kxe8 32.Kf3 Ke7 33.Kg4 Nf6+ 34.Kf5 Ne2 35.Nf3 Nd5 36.h4 gxh4
37.gxh4 Nf6 38.Nde5 Ng8 39.Nc4 Kd7 40.Nxb6+ Kc6 41.Nc4 Nc3 42.Nxa5+ Kc7 43.Ne5 Nd1
44.Nd3 Nc3 45.Nxc5 Kb6 46.b4 Ne7+ 47.Ke5 Ng6+ 48.Kd6 Nxa4 49.Nxa4+ Kb5 50.h5 Nh4
51.Nc5 Kxb4 52.Nc6+ Kc3 53.Ke5 Kxc2 54.Nd8 Ng6+ 55.hxg6 fxg6 56.Nf7 h5 57.Ne4 Kd3
58.f4 Ke3 59.Nh8 h4 60.Ng5  1-0

[Event "Dortmund op"]
[Site "Dortmund"]
[Date "1991.??.??"]
[Round "4"]
[White "Sandkamp, Ralph"]
[Black "Sher, Miron N"]
[Result "0-1"]
[WhiteElo "2215"]
[BlackElo "2450"]

1.Nf3 d5 2.g3 c6 3.Bg2 Bg4 4.O-O Nd7 5.d4 e6 6.c3 Bd6 7.Bf4 Bxf4 8.gxf4 Bxf3
9.Bxf3 Qh4 10.e3 h6 11.Kg2 g5 12.fxg5 hxg5 13.Rh1 g4 14.Be2 f5 15.Nd2 Ne7
16.Nf1 O-O-O 17.Ng3 Rdf8 18.f4 gxf3+ 19.Bxf3 Ng6 20.Qd2 f4 21.exf4 Nxf4+
22.Kf2 e5 23.dxe5 Nxe5 24.Raf1 Nh5  0-1

[Event "Dortmund op"]
[Site "Dortmund"]
[Date "1991.??.??"]
[Round "8"]
[White "Zysk, Robert"]
[Black "Svidler, Peter"]
[Result "0-1"]
[WhiteElo "2415"]
[BlackElo "2480"]

1.Nf3 d5 2.g3 Nf6 3.Bg2 g6 4.c4 Bg7 5.O-O O-O 6.d3 c5 7.Bf4 Nc6 8.Ne5 Qb6
9.Nxc6 bxc6 10.Be5 Be6 11.Nd2 Rfd8 12.Qc2 Bh6 13.b3 d4 14.Bxf6 exf6 15.Rae1 Qb4
16.f4 Rac8 17.Qb2 a5 18.Qc2 Bg7 19.Nf3 Rc7 20.Rb1 Re7 21.Qb2 Bf5 22.a3 Qb6
23.Qd2 Rde8 24.Rfe1 Re3 25.Nh4 Bg4 26.Bf3 Bxf3 27.Nxf3 Bf8 28.Nh4 f5 29.Nf3 Qc7
30.Kf2 Bd6 31.Rb2 h6 32.Rf1 g5 33.fxg5 hxg5 34.Ke1 g4 35.Nh4 Bxg3+ 36.hxg3 Qxg3+
37.Kd1 Qxh4 38.Qxa5 g3 39.Qe1 g2 40.Rg1 Rxd3+ 41.Rd2 Rxd2+ 42.Qxd2 Qg4  0-1

[Event "Dos Hermanas"]
[Site "Dos Hermanas"]
[Date "1991.??.??"]
[Round "?"]
[White "Garcia, Alb"]
[Black "Vladimirov, Evgeny"]
[Result "0-1"]
[WhiteElo "2270"]
[BlackElo "2575"]

1.Nf3 d5 2.g3 c6 3.Bg2 Bg4 4.c4 e6 5.Ne5 Bh5 6.Qb3 Qb6 7.d4 Nf6 8.Nc3 Nbd7
9.Nxd7 Nxd7 10.O-O f5 11.Qc2 Nf6 12.cxd5 cxd5 13.Qa4+ Kf7 14.Bf4 Rc8 15.Be5 Qxb2
16.Nxd5 exd5 17.Rab1 Qc2 18.Rxb7+ Be7 19.Qxa7 Rhe8 20.Bxf6 gxf6 21.Bxd5+ Kf8
22.Qa6 Qxe2 23.Qb6 Bf3 24.Bxf3 Qxf3 25.Re1 Qc6 26.Qb1 Qc3 27.d5 Rcd8 28.Re3 Qc8
29.Qb5 f4 30.gxf4 Qg4+ 31.Rg3 Qd1+ 32.Kg2 Qxd5+ 33.Qxd5 Rxd5 34.Rh3 h5 35.a4 Kf7
36.Re3 Ra5 37.Re4 f5 38.Rc4 Ke6 39.Rc6+ Bd6 40.Rh7 Rg8+ 41.Kf3 Rg6 42.Rxh5 Rxa4
43.Rh4 Kd5 44.Rc3 Rd4 45.Rb3 Rd2 46.Re3 Bc5 47.Re5+ Kc4 48.Rxf5 Rxf2+ 49.Ke4 Re2+  0-1

[Event "Dos Hermanas"]
[Site "Dos Hermanas"]
[Date "1991.??.??"]
[Round "?"]
[White "Rodriguez, Antonio"]
[Black "Bass, Leonid"]
[Result "1/2-1/2"]
[WhiteElo "2325"]
[BlackElo "2500"]

1.Nf3 d5 2.g3 c6 3.Bg2 Bg4 4.d3 Nd7 5.Nbd2 e5 6.h3 Bh5 7.O-O Bd6 8.e4 Ne7
9.c3 O-O 10.Qc2 Kh8 11.b4 a5 12.Rb1 axb4 13.cxb4 f6 14.a3 Bf7 15.Bb2 Bg8
16.d4 Qc7 17.Rfe1 Rae8 18.dxe5 Nxe5 19.Nxe5 Bxe5 20.Bxe5 fxe5 21.exd5 Bxd5
22.Bxd5 Nxd5 23.Re2 Qd7 24.Kg2 Re6 25.Nf3 Rg6 26.Nxe5 Nf4+ 27.Kg1 Nxe2+  1/2-1/2

[Event "Telecom op"]
[Site "Dublin"]
[Date "1991.??.??"]
[Round "?"]
[White "Daly, Colm"]
[Black "Morris, Philip"]
[Result "0-1"]
[WhiteElo "2220"]
[BlackElo "2405"]

1.g3 d5 2.Nf3 Nf6 3.Bg2 c6 4.b3 Bf5 5.Bb2 e6 6.O-O Be7 7.c4 O-O 8.d3 h6 9.Nbd2 Nbd7
10.a3 a5 11.Rc1 Re8 12.Rc2 Bd6 13.e4 dxe4 14.dxe4 Bg4 15.h3 Bxf3 16.Nxf3 Qc7
17.Nd4 Bc5 18.Rd2 Rad8 19.Nc2 e5 20.b4 axb4 21.axb4 Bf8 22.Qe2 Ra8 23.Ra1 Rxa1+
24.Bxa1 Ra8 25.Bc3 Ra2 26.Qf1 h5 27.f4 h4 28.fxe5 Nxe5 29.Qf4 Nfd7 30.c5 hxg3
31.Bf1 Qb8 32.h4 b6 33.Bxe5 Qxe5 34.Qe3 Nxc5 35.Bc4 Rb2 36.Bxf7+ Kxf7 37.Qf3+ Qf6
38.Qh5+ Kg8 39.bxc5 Rb1+  0-1

[Event "Telecom op"]
[Site "Dublin"]
[Date "1991.??.??"]
[Round "?"]
[White "Parker, Jonathan"]
[Black "Brady, Stephen"]
[Result "1-0"]
[WhiteElo "2310"]
[BlackElo "2320"]

1.Nf3 d5 2.g3 Nf6 3.Bg2 Bg4 4.O-O Nbd7 5.h3 Bh5 6.d3 e6 7.Qe1 Bc5 8.b4 Bb6
9.Nc3 c6 10.e4 dxe4 11.dxe4 e5 12.Nd2 O-O 13.a4 a5 14.bxa5 Bxa5 15.Nc4 Bb4
16.Ba3 Bxa3 17.Nxa3 Nc5 18.g4 Bg6 19.Nc4 Qd4 20.Nb6 Ncxe4 21.Nxa8 Nxc3 22.Nb6 Bxc2
23.Qe3 h5 24.g5 Nfe4 25.Rfe1 f5 26.Bxe4 Nxe4 27.Rac1 Bb3 28.Qxb3+ Kh7 29.Qe3 Qb4
30.Rb1 Qe7 31.h4 Re8 32.Red1 Qe6 33.Qf3 g6 34.Rd7+ Kh8 35.Qb3 Qxb3 36.Rxb3 Nc5
37.Rb1 Nxd7 38.Nxd7 b5 39.axb5 cxb5 40.Rxb5 e4 41.Rb8  1-0

[Event "BCF-ch"]
[Site "Eastbourne"]
[Date "1991.??.??"]
[Round "9"]
[White "Agnos, Demetrios"]
[Black "Barua, Dibyendu"]
[Result "1/2-1/2"]
[WhiteElo "2395"]
[BlackElo "2515"]

1.Nf3 d5 2.g3 c6 3.Bg2 Nf6 4.O-O Bf5 5.d4 h6 6.b3 e6 7.Bb2 Nbd7 8.c4 Be7
9.Nbd2 O-O 10.Ne5 a5 11.a3 Nxe5 12.dxe5 Nd7 13.cxd5 cxd5 14.e4 dxe4 15.Nxe4 Nc5
16.Qe2 Nxe4 17.Bxe4 Bxe4 18.Qxe4 Qb6 19.Qf3 a4 20.b4 Rac8 21.Rac1 Rfd8 22.Rxc8 Rxc8
23.Qe2 Kf8 24.Qe4 Ke8 25.Bd4 Qc6 26.Qh7 Bf8 27.Bc5 Bxc5 28.bxc5 Qxc5 29.Qxg7 Qxa3
30.Qxh6 b5 31.h4 Qf8 32.Qf6 Qe7 33.Qh8+ Qf8 34.Qf6 Qe7  1/2-1/2

[Event "Eger op"]
[Site "Eger"]
[Date "1991.??.??"]
[Round "?"]
[White "Parkanyi, Attila"]
[Black "Nemeth, Zoltan"]
[Result "0-1"]
[WhiteElo "2280"]
[BlackElo "2345"]

1.Nf3 d5 2.g3 Nf6 3.b3 Bf5 4.Bg2 e6 5.O-O h6 6.Bb2 Nbd7 7.d3 Bc5 8.Nbd2 O-O
9.c4 Qe7 10.a3 a5 11.Qe1 Bh7 12.e4 dxe4 13.dxe4 e5 14.Qe2 c6 15.h3 Rfe8 16.Rfe1 Rad8
17.Qd1 Nh5 18.Kf1 Qf6 19.Bc3 Qd6 20.Kg1 Ndf6 21.Qc1 Bxf2+ 22.Kxf2 Qc5+ 23.Re3 Rd3
24.Bd4 Rxd4 25.Nxd4 exd4 26.Rd3 Bxe4 27.Bxe4 Nxe4+ 28.Nxe4 Rxe4 29.Ra2 f5
30.Re2 Nxg3 31.Rxe4 Nxe4+ 32.Kg2 Qe5 33.Qe1 b6 34.b4 axb4 35.axb4 c5 36.bxc5 bxc5  0-1

[Event "Eger op"]
[Site "Eger"]
[Date "1991.??.??"]
[Round "?"]
[White "Okhotnik, Vladimir"]
[Black "Sinkovics, Peter"]
[Result "1-0"]
[WhiteElo "2425"]
[BlackElo "2370"]

1.Nf3 d5 2.g3 c6 3.Bg2 Bg4 4.c4 Nf6 5.cxd5 cxd5 6.Qb3 Qd7 7.Ne5 Qc7 8.Qc3 Qxc3
9.Nxc3 e6 10.e4 d4 11.Nb5 Na6 12.Nxd4 Bh5 13.Nb5 Be7 14.a3 Nd7 15.Nxd7 Kxd7
16.d4 Rhc8 17.Nc3 Rc4 18.Be3 Rac8 19.Bf1 R4c7 20.Bf4 Rxc3 21.bxc3 Rxc3 22.Bb5+ Kd8
23.Kd2 Rxa3 24.Rxa3 Bxa3 25.Bxa6 bxa6 26.Ra1 Bb4+ 27.Kd3 a5 28.Bd2 Bxd2 29.Kxd2 Bg6
30.f3 Kc7 31.Rxa5 Kb6 32.Rc5  1-0

[Event "Eger op"]
[Site "Eger"]
[Date "1991.??.??"]
[Round "?"]
[White "Parkanyi, Attila"]
[Black "Nemeth, Zoltan"]
[Result "0-1"]
[WhiteElo "2280"]
[BlackElo "2345"]

1.Nf3 d5 2.g3 Nf6 3.b3 Bf5 4.Bg2 e6 5.O-O h6 6.Bb2 Nbd7 7.d3 Bc5 8.Nbd2 O-O
9.c4 Qe7 10.a3 a5 11.Qe1 Bh7 12.e4 dxe4 13.dxe4 e5 14.Qe2 c6 15.h3 Rfe8 16.Rfe1 Rad8
17.Qd1 Nh5 18.Kf1 Qf6 19.Bc3 Qd6 20.Kg1 Ndf6 21.Qc1 Bxf2+ 22.Kxf2 Qc5+ 23.Re3 Rd3
24.Bd4 Rxd4 25.Nxd4 exd4 26.Rd3 Bxe4 27.Bxe4 Nxe4+ 28.Nxe4 Rxe4 29.Ra2 f5
30.Re2 Nxg3 31.Rxe4 Nxe4+ 32.Kg2 Qe5 33.Qe1 b6 34.b4 axb4 35.axb4 c5 36.bxc5 bxc5
37.Ra3 Qb8 38.Qe2 Qb7 39.Kh2 Qc7+ 40.Kg2 Qc6 41.Qf3 Qg6+ 42.Kh2 Qg5 43.Ra8+ Kh7
44.Ra2 Nd2 45.Qe2 Qf4+ 46.Kg2 Qe4+ 47.Qxe4 Nxe4 48.Ra6 d3 49.Kf1 f4 50.Ra1 Nd2+
51.Ke1 Nxc4 52.Rd1 Ne5  0-1

[Event "Espoo op"]
[Site "Espoo"]
[Date "1991.??.??"]
[Round "7"]
[White "Karner, Hillar"]
[Black "Kostyra, Stanislaw"]
[Result "1/2-1/2"]
[WhiteElo "2350"]
[BlackElo "2315"]

1.Nf3 d5 2.g3 c6 3.Bg2 Nd7 4.d4 Ngf6 5.O-O g6 6.Nbd2 Bg7 7.c4 O-O 8.Qc2 dxc4
9.Nxc4 Nb6 10.Na5 Qd5 11.b4 Qb5 12.Bd2 Nbd5 13.a4 Qxe2 14.b5 cxb5 15.Rfe1 Bf5
16.Qb2 Qd3 17.axb5 Rfc8 18.Ne5 Qc2 19.Qxc2 Rxc2 20.Bg5 e6 21.Nxb7 h6 22.Bxf6 Bxf6
23.Nd6 Rb2 24.Ndxf7 Rxb5 25.Nxh6+ Kg7 26.Nhf7 a5 27.g4 Bxg4 28.Nd6 Rb6 29.Ndc4 Rb4
30.Nxa5 Rxd4 31.Nac6 Rxa1 32.Rxa1 Rd1+ 33.Rxd1 Bxd1 34.Nd7 Bc3 35.Nc5 Nf4
36.Nd8 Bg4 37.Bc6 Bd4 38.Ne4 e5 39.Nb7 Bf3 40.Kf1 g5 41.Nbd6 Bg2+ 42.Kg1 Bxe4
43.Nxe4 Kg6 44.Be8+ Kf5 45.Ng3+ Kg4 46.Kf1 Kh3 47.Kg1 Nd3 48.Bd7+ g4 49.Ne4 Nxf2
50.Nxf2+ Bxf2+ 51.Kxf2  1/2-1/2

[Event "Festuge op"]
[Site "Festuge"]
[Date "1991.??.??"]
[Round "?"]
[White "Ledger, Andrew"]
[Black "Hector, Jonny"]
[Result "1/2-1/2"]
[WhiteElo "2350"]
[BlackElo "2465"]

1.Nf3 d5 2.g3 c6 3.Bg2 Bg4 4.O-O Nd7 5.d3 e6 6.Nbd2 Bd6 7.h3 Bh5 8.Qe1 Ne7
9.e4 O-O 10.Nh2 Kh8 11.f4 f5 12.Ndf3 Qb6+ 13.Kh1 Rae8 14.g4 Bf7 15.gxf5 dxe4
16.dxe4 exf5 17.e5 Bc5 18.Nd2 Ng6 19.Nb3 Bc4 20.Nxc5 Qxc5 21.Be3 Qe7 22.Rf2 Nh4
23.Nf3 Nxg2 24.Kxg2 Bd5 25.Rd1 b6 26.Qc3 Rg8 27.Kh2 Nf8 28.Nd4 Qd7 29.Rg1 c5
30.Ne2 Ba8 31.Ng3 Ng6 32.Nf1 Nh4 33.Kg3 Qe7 34.Nd2 Rd8 35.Nc4 Rd7 36.Nd6 Rf8
37.a4 Ng6 38.Kh2 Qe6 39.a5 Nh4 40.Bc1 Rfd8 41.Qg3 Qh6  1/2-1/2

[Event "Festuge op"]
[Site "Festuge"]
[Date "1991.??.??"]
[Round "?"]
[White "Martin, Andrew D"]
[Black "Jelling, Erik"]
[Result "0-1"]
[WhiteElo "2430"]
[BlackElo "2365"]

1.Nf3 d5 2.g3 Nf6 3.Bg2 c6 4.d3 Bg4 5.O-O Nbd7 6.h3 Bxf3 7.Bxf3 e6 8.Bg2 Bc5
9.c4 dxc4 10.dxc4 O-O 11.Nc3 Re8 12.Qc2 e5 13.a3 a5 14.Na4 Ba7 15.c5 e4 16.b4 Bb8
17.Bb2 Qe7 18.Bxf6 Nxf6 19.Nb6 Ra6 20.Nc4 axb4 21.axb4 Rxa1 22.Rxa1 h5 23.Qb3 h4
24.g4 Nd5 25.e3 g6 26.Rd1 Kh7 27.Nb6 Nxb6 28.cxb6 f5 29.b5 fxg4 30.bxc6 bxc6
31.Rd4 gxh3 32.Bxh3 Qg5+ 33.Kh1 Rf8 34.Rd7+ Kh6 35.Qb2 Be5 36.Qa2 Rf3 37.Bg2 h3
38.Bf1 Qf6 39.Rd2 Rxe3  0-1

[Event "FRA-chT"]
[Site "FRA"]
[Date "1991.??.??"]
[Round "?"]
[White "Gachon, Lionel"]
[Black "Szitas, Gabor"]
[Result "1-0"]
[WhiteElo "2280"]
[BlackElo "2200"]

1.Nf3 d5 2.g3 c5 3.c4 e6 4.Bg2 Nc6 5.O-O Nf6 6.cxd5 exd5 7.d4 Be7 8.Nc3 O-O
9.dxc5 Bxc5 10.Bg5 Be6 11.Bxf6 Qxf6 12.Nxd5 Qxb2 13.Nc7 Rad8 14.Qc1 Qxc1
15.Raxc1 Ba3 16.Nxe6 fxe6 17.Rc4 Rd6 18.Bh3 h6 19.Re4 Re8 20.e3 b5 21.Rb1 a6
22.Rb3 Bc5 23.Ne5 Nxe5 24.Rxe5 Ba7 25.Rb4 Kf7 26.Rf4+ Kg6 27.Bg4 Re7 28.Bf3 Kh7
29.Rf8 g6 30.h4 Kg7 31.Ra8 Kf6 32.Re4 g5 33.hxg5+ hxg5 34.Rh8 Rg7 35.Bg4 Kf7
36.Rh6 Rg6 37.Bh5 e5 38.Rxg6 Rxg6 39.Bxg6+ Kxg6 40.Rxe5  1-0

[Event "FRA-chT"]
[Site "FRA"]
[Date "1991.??.??"]
[Round "?"]
[White "Anic, Darko"]
[Black "Guigonis, Dominique"]
[Result "0-1"]
[WhiteElo "2430"]
[BlackElo "2290"]

1.Nf3 d5 2.g3 c5 3.Bg2 Nc6 4.O-O e5 5.d3 Bd6 6.e4 d4 7.Nbd2 Nge7 8.Nc4 Bc7
9.a4 h6 10.c3 g5 11.cxd4 cxd4 12.Ne1 Be6 13.b3 Qd7 14.Ba3 O-O 15.b4 Ng6 16.b5 Nce7
17.Rc1 b6 18.Qb3 a6 19.Qb4 axb5 20.axb5 Ra7 21.Nf3 f6 22.Nfd2 Rfa8 23.Ra1 Nc8
24.Qb2 h5 25.Rfb1 h4 26.Qc1 Bd8 27.Qd1 Kg7 28.Bf3 hxg3 29.fxg3 g4 30.Be2 Nh8
31.Qc1 Nf7 32.Kg2 Kg6 33.Kg1 Rb7 34.h4 gxh3 35.Nf3 Rba7 36.Nh4+ Kg7 37.Bh5 Ng5
38.Bg6 Bxc4 39.dxc4 Qg4 40.Rb3 Ne7 41.Be8 Nxe4 42.Qe1 Nc5 43.Rf3 Bc7 44.Bc6 Nxc6
45.bxc6 e4 46.Nf5+ Kg6 47.Qd2 exf3 48.Qh6+ Kxf5 49.Qh7+ Ke6  0-1

[Event "FRA-chT"]
[Site "FRA"]
[Date "1991.??.??"]
[Round "?"]
[White "Bricard, Emmanuel"]
[Black "Herb, Pascal"]
[Result "1/2-1/2"]
[WhiteElo "2395"]
[BlackElo "2395"]

1.Nf3 d5 2.g3 c5 3.c4 e6 4.cxd5 exd5 5.d4 Nf6 6.Bg2 Be7 7.O-O O-O 8.dxc5 Na6
9.b3 Re8 10.Bb2 Nxc5 11.Nc3 Bg4 12.Rc1 Bf8 13.Rc2 Qd7 14.e3 Bf5 15.Rd2 Rad8
16.Nd4 Bh3 17.Qe2 Nce4 18.Rc2 Ng5 19.f3 Bxg2 20.Kxg2 Bd6 21.Nd1 Qh3+ 22.Kg1 Be5
23.Nf2 Qh5 24.Kg2 Ne6 25.Qd3 Nd7 26.Rfc1 Bxd4  1/2-1/2

[Event "FRA-chT"]
[Site "FRA"]
[Date "1991.??.??"]
[Round "?"]
[White "Bricard, Emmanuel"]
[Black "Guigonis, Dominique"]
[Result "1-0"]
[WhiteElo "2395"]
[BlackElo "2290"]

1.Nf3 d5 2.g3 c5 3.c4 d4 4.e3 Nc6 5.exd4 Nxd4 6.Nxd4 Qxd4 7.d3 g6 8.Nc3 Bh6
9.Bg2 Bxc1 10.Rxc1 e6 11.Qe2 Ne7 12.Nb5 Qd8 13.Qe5 Qa5+ 14.Rc3 O-O 15.Qxc5 a6
16.O-O Nf5 17.Ra3 Qd2 18.Qe5 Bd7 19.Qc3 Qg5 20.Nd4 Nd6 21.Nf3 Qe7 22.Ne5 Rac8
23.Qb4 f6 24.Nxd7 Qxd7 25.Ra5 Rc7 26.Rc5 Rxc5 27.Qxc5 Nf5 28.Qb6 Rf7 29.Rd1 Kg7
30.b3 Nd4 31.Kf1 e5 32.Bd5 Re7 33.Kg2 h5 34.h4 Qg4 35.Qd8 Rf7 36.Qe8 Rd7
37.Qg8+ Kh6 38.Qf8+ Rg7 39.Qh8+ Rh7 40.Qf8+ Rg7 41.Re1 Qf5 42.Be4 Qe6 43.Bxb7 Kh7
44.Bd5 Qb6 45.Re4 g5 46.Rxd4 Qxd4 47.Be4+ Kh6 48.Qh8+ Rh7 49.Qxh7+  1-0

[Event "ISL-ch"]
[Site "Gardabaer"]
[Date "1991.??.??"]
[Round "5"]
[White "Sigfusson, Sigurdur"]
[Black "Petursson, Margeir"]
[Result "0-1"]
[WhiteElo "2270"]
[BlackElo "2515"]

1.Nf3 d5 2.g3 c6 3.Bg2 Bg4 4.O-O Nd7 5.d4 e6 6.Nbd2 f5 7.c4 Bd6 8.Qb3 Rb8
9.h3 Bh5 10.Qe3 Qe7 11.Ng5 Nf8 12.c5 Bc7 13.f4 Nf6 14.Ngf3 Bxf3 15.Nxf3 N8d7
16.b4 Ne4 17.Ne5 g5 18.Bd2 gxf4 19.gxf4 Rg8 20.Be1 Nxe5 21.fxe5 Qg7 22.Qf3 Kd7
23.Kh1 Qg6 24.Rg1 Rg7 25.a4 Rbg8 26.Ra3 Qh6 27.Re3 Kc8 28.Kh2 Bd8 29.Rb3 Bh4
30.Bxh4 Qxh4 31.Rd3 Rg3 32.Qf1  0-1

[Event "Arnold Cup"]
[Site "Gausdal"]
[Date "1991.??.??"]
[Round "1"]
[White "Schmittdiel, Eckhard"]
[Black "Westerinen, Heikki MJ"]
[Result "1/2-1/2"]
[WhiteElo "2485"]
[BlackElo "2410"]

1.Nf3 d5 2.g3 Bg4 3.Bg2 Nd7 4.c4 dxc4 5.Na3 c6 6.Nxc4 Bxf3 7.Bxf3 g6 8.Qb3 Qc7
9.d4 Bh6 10.O-O Rd8 11.d5 Bxc1 12.Raxc1 Ngf6 13.d6 exd6 14.Qxb7 Qb8 15.Qxc6 O-O
16.Rfd1 d5 17.Bxd5 Rc8 18.Qb7 Rc5 19.Bf3 Qc8 20.Qxc8 Rfxc8 21.b3 Ne5 22.Bb7 R8c7
23.Ba6 R7c6 24.f4 Rxa6 25.Nxe5 Rxc1 26.Rxc1 Rxa2 27.Rc8+ Kg7 28.Rc7 Ne4 29.Rxf7+ Kg8
30.Re7 Rxe2 31.Rxa7 g5 32.fxg5 Nxg5 33.Ng4 Rb2 34.Nf6+ Kf8 35.h4 Nh3+ 36.Kh1 Nf2+
37.Kg1 Nh3+ 38.Kh1 Nf2+ 39.Kg1 Nh3+ 40.Kh1 Nf2+  1/2-1/2

[Event "Peer Gynt"]
[Site "Gausdal"]
[Date "1991.??.??"]
[Round "2"]
[White "Kochyev, Alexander"]
[Black "Skogen, Sverre"]
[Result "1-0"]
[WhiteElo "2485"]
[BlackElo "2225"]

1.Nf3 d5 2.g3 c5 3.Bg2 Nc6 4.d4 Nf6 5.O-O e6 6.c4 dxc4 7.Qa4 cxd4 8.Nxd4 Qxd4
9.Bxc6+ Bd7 10.Rd1 Bxc6 11.Qxc6+ bxc6 12.Rxd4 c5 13.Rxc4 O-O-O 14.Nc3 Rd4
15.Ra4 Kb7 16.Be3 Rb4 17.Rd1 Be7 18.Rd2 Rc8 19.f3 Rc6 20.Bf2 Rxa4 21.Nxa4 a6
22.e4 c4 23.Kf1 g5 24.g4 Kc7 25.Bg3+ Kc8 26.Ke2 h5 27.e5 Nd5 28.gxh5 Bf8
29.Nc3 Nxc3+ 30.bxc3 Bg7 31.Ke3 Rc5 32.Ke4 f5+ 33.exf6 Bxf6 34.Bd6 Rf5 35.h6 Bxc3
36.Rc2 Kd7 37.Bg3 Ba1 38.Rxc4 Rf6 39.h7 Rh6 40.Rc7+ Kd8 41.Ra7 Kc8 42.Be5  1-0

[Event "Arnold Cup"]
[Site "Gausdal"]
[Date "1991.??.??"]
[Round "3"]
[White "Dunnington, Angus J"]
[Black "Shirov, Alexei"]
[Result "1/2-1/2"]
[WhiteElo "2345"]
[BlackElo "2615"]

1.Nf3 d5 2.g3 Bg4 3.Bg2 Nd7 4.O-O e6 5.d4 Bd6 6.c4 c6 7.cxd5 exd5 8.Nc3 Ngf6
9.Bf4 Bxf4 10.gxf4 Bxf3 11.Bxf3 O-O 12.e3 Ne8 13.Kh1 Nd6 14.Rg1 Nf6 15.Qc2 Qd7
16.Rg2 Rfe8 17.Rag1 g6 18.Ne2 Nf5 19.Nc1 Nh4 20.Rg3 Nxf3 21.Rxf3 Ne4 22.Ne2 c5
23.dxc5 Rac8 24.b4 b6 25.f5 bxc5 26.bxc5 Rxc5 27.Qb2 Qb5 28.Qxb5 Rxb5 29.fxg6 hxg6
30.Kg2 Rb2 31.Nf4 Re5 32.h4 Rxa2 33.Rd1 Rd2 34.Ra1 Re7 35.Ra5 Rd7 36.Ra3 Rc7
37.Ra5 Rd7 38.Ra4 Nc3 39.Ra5 Kg7 40.Ra6 Ne4 41.h5 gxh5 42.Nxh5+ Kf8 43.Ng3 Nxg3
44.Kxg3 Rb2 45.Rf4 Ke7 46.Rfa4 Rbb7  1/2-1/2

[Event "Arnold Cup"]
[Site "Gausdal"]
[Date "1991.??.??"]
[Round "7"]
[White "Kengis, Edvins"]
[Black "Gausel, Einar"]
[Result "1/2-1/2"]
[WhiteElo "2545"]
[BlackElo "2425"]

1.Nf3 d5 2.g3 Nf6 3.Bg2 c6 4.O-O Bf5 5.d3 e6 6.c4 h6 7.Be3 Nbd7 8.Qb3 Qc7
9.Nc3 Bc5 10.Bxc5 Nxc5 11.Qa3 Qe7 12.cxd5 exd5 13.e4 dxe4 14.Nd4 Bg4 15.dxe4 Ne6
16.Nxe6 Bxe6 17.Qxe7+ Kxe7 18.f4 Rhd8 19.f5 Bc4 20.Rf4 Nd7 21.e5 Nb6 22.b3 Bd5
23.Bh3 Kf8 24.Re1 Re8 25.e6 Re7 26.f6 gxf6 27.Rxf6 Kg7 28.Nxd5 Nxd5 29.Rxf7+ Rxf7
30.exf7 Kxf7 31.Re6 Nf6 32.Rd6 Re8 33.Kf1 a5 34.Rd4 Nd5 35.Kf2 Nc3 36.Bg4 Re7
37.a4 Ne4+ 38.Kg2 Nc5 39.Bd1 Re3 40.Kf2 Rc3 41.Ke2 b5 42.axb5 cxb5 43.b4  1/2-1/2

[Event "Arnold Cup"]
[Site "Gausdal"]
[Date "1991.??.??"]
[Round "8"]
[White "Mainka, Romuald"]
[Black "Westerinen, Heikki MJ"]
[Result "1/2-1/2"]
[WhiteElo "2430"]
[BlackElo "2410"]

1.Nf3 d5 2.g3 Bg4 3.Bg2 Nd7 4.c4 e6 5.cxd5 exd5 6.O-O c6 7.d3 Ngf6 8.h3 Bxf3
9.Bxf3 Bd6 10.e4 dxe4 11.dxe4 Ne5 12.Bg2 Bc5 13.Qc2 Qe7 14.Nc3 Rd8 15.Bg5 h6
16.Bxf6 Qxf6 17.Nd5 Qd6 18.Rad1 O-O 19.Ne3 Bd4 20.Nf5 Qb4 21.a3 Qb6 22.b4 g6
23.Nxd4 Rxd4 24.Rxd4 Qxd4 25.Rd1 Qc4 26.Qd2 Qb3 27.Kh1 Qxa3 28.Qxh6 Qxb4
29.f4 Qb3 30.Rf1 Qxg3 31.fxe5 Qxe5 32.Qe3 a5 33.Qb6 Rb8 34.Qa7 Qc7 35.Qd4 Rd8
36.Qc3 b5 37.Qc5 Re8 38.Rc1 Rd8 39.e5 Re8 40.Qd6 Qe7 41.Rc5 Qh4 42.Qf6 Qd4
43.Qd6 Qh4 44.Qf6  1/2-1/2

[Event "Gausdal Int"]
[Site "Gausdal"]
[Date "1991.??.??"]
[Round "9"]
[White "Shabalov, Alexander"]
[Black "Yakovich, Yuri"]
[Result "1-0"]
[WhiteElo "2535"]
[BlackElo "2560"]

1.Nf3 d5 2.g3 c6 3.Bg2 Bg4 4.b3 Nd7 5.Bb2 Ngf6 6.d4 g6 7.O-O Bg7 8.Nbd2 O-O
9.c4 a5 10.a3 Qb6 11.Rc1 Rfd8 12.h3 Bf5 13.Nh4 Be6 14.Qc2 Rac8 15.Kh2 Qa6
16.f4 a4 17.b4 dxc4 18.e4 b5 19.g4 Bxg4 20.e5 Be2 21.exf6 Bxf6 22.Ne4 Bxf1
23.Nxf6+ Nxf6 24.Rxf1 Nd5 25.Bc1 Qa7 26.f5 Qc7+ 27.Kh1 Qg3 28.fxg6 Qxh4 29.gxf7+ Kf8
30.Qe4 Qh5 31.Qe2 Qh4 32.Qe6 Nf6 33.Rg1 Qh5 34.Bxc6 Ng4 35.Rxg4 Qxh3+ 36.Kg1  1-0

[Event "Geneve op"]
[Site "Geneve"]
[Date "1991.??.??"]
[Round "3"]
[White "Landenbergue, Claude"]
[Black "Flear, Glenn C"]
[Result "1-0"]
[WhiteElo "2410"]
[BlackElo "2470"]

1.Nf3 d5 2.g3 Nf6 3.Bg2 c6 4.c4 Bg4 5.cxd5 Bxf3 6.Bxf3 cxd5 7.O-O Nc6 8.d3 e6
9.Nc3 Be7 10.Qa4 O-O 11.Bf4 Qd7 12.Rfc1 Rac8 13.Rab1 a6 14.Bg2 h6 15.b4 b5
16.Qxa6 g5 17.Bd2 Ra8 18.Qxb5 Rfb8 19.Nxd5 Rxb5 20.Nxf6+ Bxf6 21.Bxc6 Qd8
22.Bxb5 Rxa2 23.Rd1 Bd4 24.Bc4 Ra7 25.Rdc1 Qb6 26.e3 Bf6 27.b5 Kg7 28.Bb4 h5
29.d4 Be7 30.Bc5 Bxc5 31.dxc5 Qxc5 32.b6 Ra8 33.Bxe6 Qd6 34.b7 Rb8 35.Bh3 g4
36.Bg2 Qd7 37.Rd1 Qf5 38.Bd5 Qc2 39.e4 Qc7 40.Rdc1 Qd7 41.Rc2 f5 42.Rbc1 Kf6
43.Rc7 Qb5 44.Rf7+  1-0

[Event "Geneve op"]
[Site "Geneve"]
[Date "1991.??.??"]
[Round "4"]
[White "Todorcevic, Miodrag"]
[Black "Efimov, Igor"]
[Result "0-1"]
[WhiteElo "2480"]
[BlackElo "2470"]

1.Nf3 d5 2.g3 Nc6 3.d4 Bf5 4.c4 e6 5.Bg2 Bb4+ 6.Nc3 dxc4 7.O-O Bxc3 8.bxc3 Be4
9.Bh3 Bxf3 10.exf3 Nge7 11.Qa4 Qd5 12.Rb1 Nc8 13.f4 Nb6 14.Qc2 Qh5 15.Bg2 O-O
16.a4 Qa5 17.Bd2 Rab8 18.f5 Qxf5 19.Be4 Qh5 20.f4 f5 21.Bf3 Qe8 22.Rfe1 Qd7
23.Rb5 Rf6 24.Rc5 Rd8 25.a5 Nd5 26.Qa2 b5 27.axb6 cxb6 28.Rxc4 a5 29.Bg2 Kh8
30.Rxc6 Qxc6 31.c4 a4 32.Re5 b5 33.cxd5 exd5 34.Bxd5 Qb6 35.Be3 Rfd6 36.Bf3 h6
37.Kg2 b4 38.Qxa4 b3 39.Rb5 b2 40.Qb3 Rb8 41.Be2 Qc6+ 42.Kh3 Rxb5 43.Bxb5 Qb7
44.Qb4 Rd5 45.Qf8+ Kh7  0-1